Quang phổ phân tử và ứng dụng

Kaydedildi:
Detaylı Bibliyografya
Yazar: Dương, Ái Phương
Materyal Türü: Kitap
Dil:Undetermined
Baskı/Yayın Bilgisi: TP.HCM Đại học Quốc gia TP.HCM 2002
Konular:
Online Erişim:http://lrc.tdmu.edu.vn/opac/search/detail.asp?aID=2&ID=3773
Etiketler: Etiketle
Etiket eklenmemiş, İlk siz ekleyin!
Thư viện lưu trữ: Trung tâm Học liệu Trường Đại học Thủ Dầu Một
LEADER 00659nam a2200193Ia 4500
001 TDMU_3773
008 210410s9999 xx 000 0 und d
082 |a 621.361 
090 |b D924 
100 |a Dương, Ái Phương 
245 0 |a Quang phổ phân tử và ứng dụng 
245 0 |c Dương Ái Phương 
260 |a TP.HCM 
260 |b Đại học Quốc gia TP.HCM 
260 |c 2002 
300 |a 191tr. 
650 |a Quang phổ phân tử; Quang phổ học  |x Kỹ thuật 
856 |u http://lrc.tdmu.edu.vn/opac/search/detail.asp?aID=2&ID=3773 
980 |a Trung tâm Học liệu Trường Đại học Thủ Dầu Một